The asphalt handbook
Shranjeno v:
| Korporativna značnica: | |
|---|---|
| Format: | Knjiga |
| Jezik: | angleščina |
| Izdano: |
Lexington
Asphalt Institute
1989
|
| Serija: | manual Series, 4
|
| Teme: | |
| Oznake: |
Označite
Brez oznak, prvi označite!
|
MARC
| LEADER | 00000nam a2200000 a 4500 | ||
|---|---|---|---|
| 001 | UCP1479 | ||
| 003 | CL-VaPUC | ||
| 008 | 990416e19890000US |||||||||||||||||eng|d | ||
| 082 | 0 | 4 | |a 625.85 |b ASP |2 21 |
| 110 | 2 | |a Asphalt Institute |e author |9 427534 | |
| 245 | 1 | 4 | |a The asphalt handbook |
| 300 | |a 607 p | ||
| 942 | |c BK | ||
| 945 | |d 19990416 00:00:00 |a rbrito | ||
| 260 | |a Lexington |b Asphalt Institute |c 1989 | ||
| 650 | 0 | |a Asfalto |9 262568 | |
| 650 | 7 | |a MATERIALES BITUMINOSOS |2 CL-VaPUC |9 427535 | |
| 650 | 7 | |a PETROLEO |2 CL-VaPUC |9 320865 | |
| 650 | 0 | |a Minerales |9 264051 | |
| 650 | 0 | |a Mantenimiento |9 271710 | |
| 650 | 0 | |a Aditivos |9 344454 | |
| 583 | |a last modification |c 19990416 00:00:00 |k Rodrigo Vera | ||
| 490 | 0 | |a manual Series, 4 | |
| 999 | |c 280151 |d 280149 | ||
| 952 | |0 0 |1 0 |4 0 |6 625_850000000000000_ASP_1989 |7 0 |8 A |9 320184 |a BIBING |b BIBING |d 2019-11-20 |i 3511529 |o 625.85 ASP 1989 |p 3511529 |r 2025-01-20 |w 2019-11-20 |y BK |k CCL | ||
| 952 | |0 0 |1 0 |4 0 |6 625_850000000000000_ASP_1989 |7 0 |8 A |9 320185 |a BIBING |b BIBING |d 2019-11-20 |i 3511537 |o 625.85 ASP 1989 |p 3511537 |r 2025-01-20 |w 2019-11-20 |y BK |k CCL | ||